|
|
|
|
| LEADER |
01434cas a2200241 a 4500 |
| 001 |
AALejournalIMF020198 |
| 008 |
230101c9999 xx r poo 0 0eng d |
| 020 |
|
|
|c 5.00 USD
|
| 020 |
|
|
|z 9781498340823
|
| 022 |
|
|
|a 2663-3493
|
| 040 |
|
|
|a BD-DhAAL
|c BD-DhAAL
|
| 110 |
2 |
|
|a International Monetary Fund.
|
| 245 |
1 |
0 |
|a Enhancing Surveillance :
|b Interconnectedness and Clusters.
|
| 264 |
|
1 |
|a Washington, D.C. :
|b International Monetary Fund,
|c 2012.
|
| 300 |
|
|
|a 1 online resource (94 pages)
|
| 490 |
1 |
|
|a Policy Papers
|
| 500 |
|
|
|a <strong>Off-Campus Access:</strong> No User ID or Password Required
|
| 500 |
|
|
|a <strong>On-Campus Access:</strong> No User ID or Password Required
|
| 506 |
|
|
|a Electronic access restricted to authorized BRAC University faculty, staff and students
|
| 520 |
3 |
|
|a This paper provides additional detail for the framework discussed in 'Enhancing Surveillance - Interconnectedness and Clusters' through theoretical and empirical analysis of linkages, including case studies of Saudi Arabia, the Asian supply chain, financial interconnectedness and cross-border policy dependence in banking, and the Sweden-Baltic connections. It also provides a detailed primer on network analysis.
|
| 538 |
|
|
|a Mode of access: Internet
|
| 830 |
|
0 |
|a Policy Papers; Policy Paper ;
|v No. 2012/016
|
| 856 |
4 |
0 |
|z Full text available on IMF
|u http://elibrary.imf.org/view/journals/007/2012/016/007.2012.issue-016-en.xml
|z IMF e-Library
|